000 01069nam a2200289 a 4500
001 000043240
005 20240508073817.0
008 140303s2013 dr 000 0 spa d
020 _a9789945074901(v.1)
020 _a9789945074918(v.2)
020 _a9789945074949(v.3)
040 _aDO-SdBNP
_bspa
_cBNPHU
082 _a972.93
_bM671n, 2013
100 1 _aMir, Pedro,
_d1913-2000
_97245
245 1 3 _aLa noción de período en la historia dominicana /
_cPedro Mir.
250 _a2a. ed.
260 _aSanto Domingo :
_bArchivo General de la Nación,
_c2013.
300 _a3 v. :
_bil., tabls. ;
_c24.
490 1 _aArchivo General de la Nación
_v196
490 1 _aHistoria y sociedad
_v44, 58-59
504 _aIncluye datos biográficos del autor en la solapa de la cubierta.
504 _aIncluye bibliografía y notas al pie de páginas.
590 _aInventariado, 2020/BT
651 4 _aRepública Dominicana
_xHistoria
_xEnsayos, Conferencias, Etc.
_97095
830 0 _aHistoria y sociedad
_v44, 58-59
_913749
910 _aValidado. Control de calidad EMS
999 _c42729
_d42729